000 00897nam a2200253 a 4500
001 BRL_1636
005 20190320211312.0
008 150414s1978----mx-a######---#000-0#spa-#
041 _aspa
044 _amx
050 4 _aF1321
_b.G39 1978
100 1 _aGay, José Antonio
_913004
245 1 0 _aHistoria de Oaxaca
_cJosé Antonio Gay.
260 _aOaxaca, Oax.
_bGobierno Constitucional del Estado de Oaxaca, Dirección General de Educación y Relaciones Culturales
_c1978
300 _a2 v.
_bil.
_c23 cm.
500 _av.1 Au1872, v.2 Au1873
500 _aEstado físico: Se estan desprendiendo las hojas de los dos volumenes
500 _aVer también número de sistema 5100 perteneciente al Fondo General Franz Mayer
650 1 4 _aEventos históricos en Oaxaca
_927507
651 4 _aOaxaca
_xHistoria
_913005
651 4 _aMéxico
_xHistoria
_9614
902 _aGRL
942 _2lcc
_cB
999 _c10445
_d10445